| 000 | 004040000a22001690004500 | ||
|---|---|---|---|
| 060 | _a100 | ||
| 082 | _a621.8 DOU | ||
| 100 | _aDoughite, Venton levy | ||
| 100 | _aVallance, Alex | ||
| 245 | _aDesign of machine members | ||
| 250 | _a4 | ||
| 260 | _aNewyork, Mc Graw- Hill Book Company Inc | ||
| 260 | _c1964 | ||
| 300 | _a511 | ||
| 650 | _aMachine engineering/ engineering design | ||
| 942 | _cBK | ||
| 999 |
_c353775 _d353775 |
||